000 00450nam a2200169Ia 4500
008 141014s9999||||xx |||||||||||||| ||und||
010 _a7653
020 _a968-223-0056-8
082 _a572.980 R.484
100 _aRibeiro Darcy
245 _aEl Dilema de América Latina, estructuras de poder y fuerzas insurgentes
250 _a8va Ed
260 _aSiglo XXI S.A. Mexico
_c1979
300 _a358
_c18 cm
650 _aAntropologĂ­a
942 _cBK
999 _c7803
_d7803